[Event "FIDE Online Olympiad"]
[Site "Chess.com"]
[Date "2020.08.01"]
[EventDate "2020.07.31"]
[Round "4"]
[Result "1-0"]
[White "Ailen Oriana Mena"]
[Black "Yara Faqeeh"]
[WhiteElo "1561"]
[BlackElo "1523"]
[PlyCount "105"]

1. e4 g6 2. d4 Bg7 3. Nf3 d6 4. Nc3 Nd7 5. Be3 e5 6. d5 Ne7
7. Qd2 a6 8. h4 h5 9. Ng5 Nf6 10. f3 Bd7 11. O-O-O b5 12. g3
b4 13. Ne2 a5 14. Bh3 Bxh3 15. Nxh3 Nc8 16. Qd3 Nb6 17. Bxb6
cxb6 18. Qb5+ Nd7 19. Kb1 Qc7 20. f4 Rc8 21. Rd2 exf4
22. Nhxf4 O-O 23. Rhd1 Nc5 24. Qc4 Rfe8 25. Nd4 Rxe4 26. Qb5
Bxd4 27. Rxd4 Rxd4 28. Rxd4 Re8 29. Qxe8+ Kg7 30. Rd1 Nd7
31. Qe3 Ne5 32. Nd3 Ng4 33. Qd4+ Kg8 34. Re1 Qd7 35. Qe4 Nf6
36. Qf3 Ng4 37. Re4 Kg7 38. Qe2 Nf6 39. Re7 Qb5 40. Nf4 Qxe2
41. Rxe2 Kf8 42. c3 bxc3 43. bxc3 Nd7 44. Kc2 Ne5 45. Nd3 Ng4
46. Nb2 Nf6 47. Rd2 Ne4 48. Rd3 Nc5 49. Re3 Nd7 50. Nc4 f6
51. Nxd6 f5 52. Re8+ Kg7 53. Re7+ 1-0

[Event "FIDE Online Olympiad"]
[Site "Chess.com"]
[Date "2020.08.01"]
[EventDate "2020.07.31"]
[Round "4"]
[Result "1-0"]
[White "Mays Shaheen"]
[Black "Taqesyah Marcos"]
[WhiteElo "1364"]
[BlackElo "1493"]
[PlyCount "203"]

1. e4 e5 2. Nf3 Nc6 3. Bb5 d6 4. h3 Bd7 5. c3 Nf6 6. Qe2 a6
7. Ba4 Be7 8. O-O O-O 9. Rd1 Re8 10. d3 Na5 11. Bc2 b6
12. Nbd2 Bc6 13. Nf1 Qd7 14. Ng3 g6 15. Bh6 Bf8 16. Bg5 Bg7
17. Qe3 Nb7 18. Bh6 Nc5 19. Bxg7 Kxg7 20. Qg5 Ne6 21. Nf5+ Kf8
22. Qxf6 gxf5 23. Qxf5 Kg8 24. Ng5 Nxg5 25. Qxg5+ Kh8 26. Re1
Rg8 27. Qf6+ Rg7 28. Re3 Qd8 29. Qh6 Rg6 30. Qh5 Qg5 31. Qxg5
Rxg5 32. Rf3 Bd7 33. Kh2 Rag8 34. Rg3 Rxg3 35. fxg3 Rf8
36. Rf1 Kg7 37. Bb3 Bc6 38. g4 Kg6 39. Kg3 h6 40. h4 f6
41. h5+ Kg7 42. Be6 a5 43. c4 Bb7 44. Rc1 Ba6 45. Bd7 Rf7
46. Bb5 Bb7 47. Rf1 Re7 48. Ba4 Ba8 49. Rf5 Bb7 50. Rf2 Ba8
51. Bc2 Bb7 52. a3 Bc6 53. b4 axb4 54. axb4 Be8 55. b5 Rd7
56. Rf1 Rd8 57. Ra1 Rc8 58. Ra7 Bf7 59. Bd1 Be6 60. Kf2 Kf7
61. Ke3 Ke7 62. Kd2 Kd7 63. Kc3 Rb8 64. d4 Rc8 65. dxe5 fxe5
66. Ra2 Rg8 67. Rf2 Bxg4 68. Bxg4+ Rxg4 69. Kd3 Ke6 70. Ke3
Rh4 71. Rf5 Ke7 72. Kf3 Ke6 73. g3 Rh1 74. Ke3 Ra1 75. Rf3
Ra3+ 76. Ke2 Ra4 77. Rc3 Rb4 78. Kf3 Kf6 79. g4 Rb1 80. Rc2
Rf1+ 81. Rf2 Rxf2+ 82. Kxf2 Kg7 83. Kg3 Kf7 84. Kh4 Kf6
85. g5+ hxg5+ 86. Kg4 Kf7 87. Kxg5 Kg8 88. h6 Kh8 89. Kg6 Kg8
90. Kf6 Kh7 91. Ke7 Kxh6 92. Kd7 Kg5 93. Kxc7 Kf4 94. Kxb6
Kxe4 95. Kc6 Kf3 96. b6 e4 97. b7 e3 98. b8=Q e2 99. Qf8+ Ke3
100. Qe7+ Kd3 101. Qxe2+ Kxe2 102. Kxd6 1-0

[Event "FIDE Online Olympiad"]
[Site "Chess.com"]
[Date "2020.08.01"]
[EventDate "2020.07.31"]
[Round "4"]
[Result "1-0"]
[White "Suradj Hanoeman"]
[Black "Yakini Tchouka"]
[WhiteElo "1983"]
[BlackElo "1600"]
[PlyCount "77"]

1. d4 Nf6 2. Nf3 d5 3. e3 Bf5 4. c4 c6 5. Nc3 e6 6. cxd5 cxd5
7. Qb3 Qb6 8. Qxb6 axb6 9. Bb5+ Nc6 10. Ne5 Rc8 11. Bd2 Be7
12. O-O O-O 13. a3 Na5 14. Ba4 Rfd8 15. Rfc1 Bd6 16. b4 Nc4
17. Nxc4 dxc4 18. f3 Bd3 19. e4 Be7 20. Be3 Ne8 21. d5 Bf6
22. Bxb6 Rd6 23. Bc5 Ra6 24. Bb5 Raa8 25. dxe6 fxe6 26. Bd7
Rd8 27. Bxe6+ Kh8 28. f4 Bxc3 29. Rxc3 Bxe4 30. Bxc4 Rd2
31. Bf1 Nf6 32. Re1 Bc6 33. b5 Bd5 34. Bb4 Ne4 35. Rce3 Rd4
36. Bd3 h6 37. Bxe4 Bxe4 38. Rxe4 Rxe4 39. Rxe4 1-0

[Event "FIDE Online Olympiad"]
[Site "Chess.com"]
[Date "2020.08.01"]
[EventDate "2020.07.31"]
[Round "4"]
[Result "1-0"]
[White "Imaan Kalidjo"]
[Black "Folly Cedric Kueviakoe"]
[WhiteElo "1692"]
[BlackElo "1561"]
[PlyCount "155"]

1. c4 e6 2. Nc3 c6 3. g3 d5 4. cxd5 cxd5 5. d4 Nc6 6. Bg2 Nf6
7. Nf3 h6 8. O-O Bd6 9. a3 a6 10. Re1 O-O 11. Rb1 Nh7 12. e4
dxe4 13. Nxe4 Bc7 14. b4 Nf6 15. Nxf6+ Qxf6 16. Bb2 Qd8
17. Qc2 Bb6 18. Rbd1 Ne7 19. Ne5 Qc7 20. Qe2 f6 21. Nd3 Nc6
22. Nf4 Re8 23. d5 Ne5 24. Bxe5 fxe5 25. Qxe5 Qxe5 26. Rxe5
Bc7 27. d6 Rd8 28. Nxe6 Rxd6 29. Rde1 Rxe6 30. Rxe6 Bxe6
31. Rxe6 Rb8 32. Re7 Bb6 33. Rxb7 Rxb7 34. Bxb7 a5 35. bxa5
Bxa5 36. Kg2 Kf8 37. Kf3 Ke7 38. Ke4 Ke6 39. f4 Be1 40. g4 Bg3
41. a4 Bxh2 42. a5 Bg1 43. a6 g6 44. Bc8+ Kd6 45. f5 gxf5+
46. gxf5 Ke7 47. Ke5 h5 48. f6+ Kf8 49. Kf5 h4 50. Kg5 Kf7
51. Bg4 Bf2 52. Bh5+ Ke6 53. Bg4+ Kf7 54. Bh3 Kf8 55. Kg6 Bd4
56. Be6 Bf2 57. Kg5 h3 58. Bxh3 Kf7 59. Bg2 Be3+ 60. Kf5 Kf8
61. Bd5 Bg1 62. Ke6 Ke8 63. Kd6 Kf8 64. Kc6 Bd4 65. Kb7 Ke8
66. a7 Bxa7 67. Kxa7 Kf8 68. Kb6 Ke8 69. Kc5 Kd8 70. Kd6 Ke8
71. f7+ Kf8 72. Kd7 Kg7 73. Ke7 Kh7 74. f8=Q Kg6 75. Qf6+ Kh7
76. Be4+ Kg8 77. Qg6+ Kh8 78. Qh7# 1-0

[Event "FIDE Online Olympiad"]
[Site "Chess.com"]
[Date "2020.08.01"]
[EventDate "2020.07.31"]
[Round "4"]
[Result "1-0"]
[White "David Silva"]
[Black "Tondo James"]
[WhiteElo "2321"]
[BlackElo "1855"]
[PlyCount "129"]

1. e4 c5 2. Nf3 d6 3. d4 cxd4 4. Nxd4 Nf6 5. Nc3 g6 6. f4 Nc6
7. Be2 Bg7 8. Be3 O-O 9. Nb3 Be6 10. O-O Qc8 11. Bf3 Ng4
12. Bxg4 Bxg4 13. Qe1 a5 14. Nd5 Ra6 15. Nd4 Qd8 16. Qf2 Nxd4
17. Bxd4 Bxd4 18. Qxd4 Be6 19. Rf2 Bxd5 20. Qxd5 e6 21. Qd2
Qf6 22. c3 Rd8 23. f5 gxf5 24. exf5 e5 25. Re1 d5 26. Rxe5
Rad6 27. Qd4 Kh8 28. Rf4 Rg8 29. Rxd5 Qxd4+ 30. Rfxd4 Rxd5
31. Rxd5 b6 32. Rd7 Rg5 33. f6 h5 34. Rxf7 Rf5 35. Rd7 Rxf6
36. Rd5 Rh6 37. h4 Kg7 38. Rb5 Kf7 39. c4 Rc6 40. b3 Kg6
41. Kf2 Rd6 42. Ke3 Kh6 43. g3 Re6+ 44. Kf3 Rf6+ 45. Kg2 Kg6
46. Kh3 Rc6 47. g4 hxg4+ 48. Kxg4 Kh6 49. h5 Rf6 50. Rf5 Rc6
51. Kf4 a4 52. Ke4 axb3 53. axb3 Rd6 54. Rd5 Re6+ 55. Kd4 Kg7
56. Kc3 Kf7 57. Kb4 Ke7 58. Kb5 Re3 59. b4 Re6 60. Rg5 Kd7
61. Rg6 Re5+ 62. Kxb6 Rxh5 63. c5 Kc8 64. Rg8+ Kd7 65. c6+ 1-0

[Event "FIDE Online Olympiad"]
[Site "Chess.com"]
[Date "2020.08.01"]
[EventDate "2020.07.31"]
[Round "4"]
[Result "1-0"]
[White "Diego Zilleruelo Irizarry"]
[Black "Francis Eric Anquandah"]
[WhiteElo "2119"]
[BlackElo "2031"]
[PlyCount "87"]

1. e4 d5 2. exd5 Qxd5 3. Nc3 Qa5 4. d4 c6 5. Nf3 Bf5 6. Be2 e6
7. O-O Nd7 8. Bf4 Ngf6 9. a3 Be7 10. h3 O-O 11. Nh4 Bg6 12. b4
Qd8 13. Nxg6 hxg6 14. Bf3 Nb6 15. Qd3 Nbd5 16. Nxd5 cxd5
17. Rfc1 Rc8 18. c4 dxc4 19. Rxc4 Rxc4 20. Qxc4 Bd6 21. Bxd6
Qxd6 22. Bxb7 Rd8 23. Rd1 Qb6 24. Bf3 Kh7 25. d5 e5 26. a4 Qd6
27. b5 Rd7 28. Rc1 g5 29. Qd3+ g6 30. Rc6 Qe7 31. Be4 Nh5
32. Bxg6+ Kh6 33. Bxh5+ Rd6 34. Bf3 f6 35. Rxd6 Qxd6 36. Qf5
Kg7 37. Qe6 Qc5 38. g3 Qb4 39. d6 g4 40. Qxg4+ Kf7 41. Bd5+
Ke8 42. Qg8+ Kd7 43. Qe6+ Kd8 44. Qe7+ 1-0

[Event "FIDE Online Olympiad"]
[Site "Chess.com"]
[Date "2020.08.01"]
[EventDate "2020.07.31"]
[Round "4"]
[Result "1-0"]
[White "Natasha Morales Santos"]
[Black "Angela Naa Amerley Ayiku"]
[WhiteElo "1720"]
[BlackElo "1415"]
[PlyCount "99"]

1. d4 d5 2. c4 c6 3. Nc3 Nf6 4. Nf3 g6 5. e3 Bg7 6. Bd3 O-O
7. O-O Qc7 8. Qc2 Bg4 9. Ne5 Nbd7 10. Nxd7 Qxd7 11. f3 Be6
12. cxd5 cxd5 13. Bd2 Rac8 14. Rac1 a6 15. a4 Qd6 16. Qb3 Rb8
17. Be1 Qd7 18. Bg3 Rbc8 19. a5 Nh5 20. Bf2 Bf5 21. Bxf5 Qxf5
22. Nxd5 Qd7 23. Nb6 Rxc1 24. Nxd7 Rxf1+ 25. Kxf1 Rd8 26. Qxb7
e6 27. g4 Nf6 28. Nxf6+ Bxf6 29. Qxa6 Rb8 30. Qe2 Rb4 31. Be1
Ra4 32. a6 Bd8 33. Qb5 Ra1 34. Qe8+ Kg7 35. Qxd8 Rxa6 36. g5
Ra1 37. b4 Rb1 38. Qd7 Rb3 39. Bd2 Rb1+ 40. Ke2 Rb2 41. b5 Rb1
42. Qc6 Rh1 43. b6 Rxh2+ 44. Kd3 Rh1 45. Bc3 Rd1+ 46. Kc2 Rf1
47. d5+ f6 48. Bxf6+ Kf7 49. Qxe6+ Kf8 50. Qe7+ 1-0

[Event "FIDE Online Olympiad"]
[Site "Chess.com"]
[Date "2020.08.01"]
[EventDate "2020.07.31"]
[Round "5"]
[Result "1-0"]
[White "Mark Machin Rivera"]
[Black "Jean Louis Marckens"]
[WhiteElo "2323"]
[BlackElo "2053"]
[PlyCount "113"]

1. c4 Nf6 2. g3 e5 3. Bg2 Bc5 4. Nc3 c6 5. e3 d5 6. cxd5 cxd5
7. Qb3 e4 8. d3 O-O 9. dxe4 dxe4 10. Nxe4 Nxe4 11. Bxe4 Qb6
12. Qxb6 Bxb6 13. Ne2 Nd7 14. O-O Nc5 15. Bf3 Be6 16. Nd4 Bc4
17. Rd1 Ba6 18. b3 Rad8 19. Ba3 Rfe8 20. Rac1 Nd3 21. Rc3 Bxd4
22. exd4 Rxd4 23. h4 h6 24. Bc5 Rdd8 25. Bxa7 Ne5 26. Rxd8
Rxd8 27. Kg2 Nxf3 28. Kxf3 Rd2 29. a4 Rb2 30. Bd4 Rb1 31. Bc5
b5 32. a5 Bb7+ 33. Ke3 Bd5 34. b4 f6 35. Rd3 Bh1 36. a6 Ra1
37. a7 Bc6 38. Rd6 Bg2 39. Rb6 Ra3+ 40. Kd2 Kf7 41. Rxb5 g5
42. Rb8 gxh4 43. gxh4 Kg6 44. Rg8+ Kh5 45. Rxg2 Kxh4 46. Rg8
Ra2+ 47. Kc3 Kh3 48. a8=Q Rxa8 49. Rxa8 h5 50. Rg8 h4 51. b5
Kh2 52. b6 f5 53. b7 f4 54. b8=Q Kh1 55. Qxf4 h3 56. Qg3 h2
57. Qf3# 1-0

[Event "FIDE Online Olympiad"]
[Site "Chess.com"]
[Date "2020.08.01"]
[EventDate "2020.07.31"]
[Round "5"]
[Result "1-0"]
[White "Danitza Vazquez Maccarini"]
[Black "Rose Berline Seine"]
[WhiteElo "2014"]
[BlackElo "1679"]
[PlyCount "53"]

1. e4 e5 2. Nf3 Nc6 3. Bb5 Bc5 4. O-O d6 5. h3 Nf6 6. d3 h6
7. c3 O-O 8. Nbd2 Bd7 9. Re1 Re8 10. Nf1 a6 11. Ba4 Nh5 12. d4
exd4 13. cxd4 Bb4 14. Bd2 Bxd2 15. Qxd2 Nf6 16. Ng3 Qe7
17. Bc2 Nh7 18. Rad1 Rad8 19. a3 Ng5 20. Nxg5 Qxg5 21. Qd3 Qg6
22. Bb1 Re7 23. Qf3 Qg5 24. Qd3 Rde8 25. e5 dxe5 26. Qh7+ Kf8
27. Qh8# 1-0

[Event "FIDE Online Olympiad"]
[Site "Chess.com"]
[Date "2020.08.01"]
[EventDate "2020.07.31"]
[Round "5"]
[Result "1-0"]
[White "Valencia Jean Francois"]
[Black "Ciara Bernadette Richiez Guillen"]
[WhiteElo "1398"]
[BlackElo "1417"]
[PlyCount "159"]

1. e4 e6 2. d4 d5 3. e5 c5 4. Be3 cxd4 5. Bxd4 Nc6 6. Bc3 Bc5
7. Nf3 Nge7 8. Be2 O-O 9. O-O a6 10. a3 Ng6 11. b4 Ba7 12. Re1
b5 13. Bd3 Nh4 14. Nxh4 Qxh4 15. Qf3 Bb7 16. Qg3 Qxg3 17. hxg3
d4 18. Bd2 Bb8 19. Bf4 f6 20. exf6 Bxf4 21. fxg7 Kxg7 22. gxf4
Rxf4 23. Rxe6 Raf8 24. f3 Nd8 25. Re7+ R4f7 26. Rxf7+ Rxf7
27. Nd2 Ne6 28. Ne4 Bxe4 29. Bxe4 Ng5 30. Bd3 Kg8 31. a4 Rg7
32. Kf2 Rc7 33. axb5 axb5 34. Ra8+ Kg7 35. Rb8 Ne6 36. Rxb5
Nf4 37. Rg5+ Kh8 38. Rg4 Nxd3+ 39. cxd3 Rc2+ 40. Kg3 Rc3
41. Rxd4 Rc8 42. b5 Rb8 43. Rb4 h6 44. d4 Kg7 45. d5 Kf7
46. Kf4 Ke7 47. Ke5 Kd7 48. d6 Re8+ 49. Kd5 Rg8 50. g4 Rg5+
51. Kc4 Kxd6 52. b6 Rg8 53. b7 Rb8 54. Rb6+ Kc7 55. Kc5 Rxb7
56. Rxb7+ Kxb7 57. Kd5 Kc7 58. Ke5 Kd7 59. Kf6 Ke8 60. Kg6 Ke7
61. Kxh6 Kf6 62. g5+ Kf7 63. g6+ Kg8 64. g7 Kf7 65. Kh7 Kf6
66. g8=Q Kf5 67. Qg4+ Ke5 68. f4+ Kf6 69. f5 Kf7 70. Qg6+ Ke7
71. f6+ Kf8 72. f7 Ke7 73. Qg8 Ke6 74. f8=Q+ Ke5 75. Qg5+ Kd4
76. Qge7 Kc3 77. Qfd8 Kc4 78. Qec7+ Kb3 79. Qdb8+ Ka4
80. Qca7# 1-0

[Event "FIDE Online Olympiad"]
[Site "Chess.com"]
[Date "2020.08.01"]
[EventDate "2020.07.31"]
[Round "5"]
[Result "1-0"]
[White "Sergio Miguel"]
[Black "John Kojo Hasford"]
[WhiteElo "2179"]
[BlackElo "1965"]
[PlyCount "87"]

1. e4 e5 2. Nf3 Nc6 3. Bc4 Bc5 4. c3 Nf6 5. d3 d6 6. Bb3 O-O
7. Nbd2 Be6 8. O-O Qd7 9. Re1 Rad8 10. Ba4 Qe7 11. Nf1 Ng4
12. d4 exd4 13. cxd4 Bb6 14. h3 Nf6 15. d5 Bd7 16. dxc6 Bxc6
17. Bxc6 bxc6 18. Ng3 Nd7 19. Qa4 Ne5 20. Nxe5 Qxe5 21. Qxc6
d5 22. Qc3 d4 23. Qd3 c5 24. Bd2 Rd6 25. f4 Qe8 26. f5 f6
27. Bf4 Rd7 28. Qc4+ Kh8 29. e5 fxe5 30. Rxe5 Qd8 31. Ne4 Qh4
32. Bg5 Qh5 33. Qe6 Rc7 34. Be7 Re8 35. f6 Qg6 36. f7 Ra8
37. Qxg6 hxg6 38. Ng5 c4 39. Re4 d3+ 40. Kh1 Bf2 41. Rf1 d2
42. Rh4+ Bxh4 43. f8=Q+ Rxf8 44. Rxf8# 1-0

[Event "FIDE Online Olympiad"]
[Site "Chess.com"]
[Date "2020.08.01"]
[EventDate "2020.07.31"]
[Round "5"]
[Result "1-0"]
[White "Esperanca Caxita"]
[Black "Tobi Felix"]
[WhiteElo "1837"]
[BlackElo "1465"]
[PlyCount "63"]

1. e4 c6 2. d4 d5 3. exd5 cxd5 4. Bd3 Nf6 5. Nf3 Bg4 6. Be3
Nc6 7. c3 e6 8. Nbd2 Bd6 9. O-O O-O 10. Re1 Qc7 11. h3 Bh5
12. Rc1 Rac8 13. Bg5 Be7 14. Qc2 a6 15. Bxf6 Bxf6 16. Bxh7+
Kh8 17. Bd3 Qd6 18. g4 Nb4 19. Qb1 Nxd3 20. Qxd3 Bg6 21. Qe3
Kh7 22. Ne5 Rh8 23. Kg2 Kg8 24. Nxg6 fxg6 25. Qxe6+ Qxe6
26. Rxe6 Kh7 27. Nf3 Rhf8 28. Rce1 Rc7 29. R1e2 Rff7 30. Rd6
Rcd7 31. Ree6 Be7 32. Rxd7 1-0

[Event "FIDE Online Olympiad"]
[Site "Chess.com"]
[Date "2020.08.01"]
[EventDate "2020.07.31"]
[Round "5"]
[Result "1-0"]
[White "Christiana Naa Merley Ashley"]
[Black "Ednasia Junior"]
[WhiteElo "1299"]
[BlackElo "1768"]
[PlyCount "73"]

1. d4 Nf6 2. Bf4 d5 3. e3 Bf5 4. Bd3 Bxd3 5. Qxd3 a6 6. Nf3 e6
7. O-O Be7 8. c4 O-O 9. Nc3 Nbd7 10. cxd5 exd5 11. Ne5 Re8
12. e4 dxe4 13. Nxe4 Nxe4 14. Qxe4 c6 15. Rfd1 Bf6 16. Qf3 Qe7
17. Re1 Bxe5 18. dxe5 Nb6 19. b3 Nd5 20. Bg3 Qg5 21. Rad1 Re6
22. h4 Qe7 23. Rd2 f6 24. Rde2 Re8 25. Bf4 Nxf4 26. Qxf4 Rxe5
27. Rxe5 fxe5 28. Qg4 h6 29. f4 e4 30. f5 Qe6 31. fxe6 Re7
32. Rxe4 Kf8 33. Rf4+ Kg8 34. Rf7 Rxf7 35. exf7+ Kxf7 36. Qd7+
Kf6 37. Qxb7 1-0

[Event "FIDE Online Olympiad"]
[Site "Chess.com"]
[Date "2020.08.01"]
[EventDate "2020.07.31"]
[Round "5"]
[Result "1-0"]
[White "Amaro Lutuima"]
[Black "Philip Selikem Yao Amoako"]
[WhiteElo "2039"]
[BlackElo "1265"]
[PlyCount "53"]

1. e4 c6 2. d4 d5 3. exd5 cxd5 4. c4 e6 5. Nc3 Nf6 6. Nf3 Nc6
7. Bg5 dxc4 8. Bxc4 a6 9. O-O Bd6 10. d5 exd5 11. Nxd5 Be7
12. Re1 Be6 13. Nxe7 Qxe7 14. Bxe6 fxe6 15. Qb3 Nd8 16. Nd4 e5
17. Nf5 Qc7 18. Rac1 Qd7 19. Rxe5+ Kf8 20. Rd1 Qf7 21. Qb4+
Kg8 22. Ne7+ Kf8 23. Nc6+ Kg8 24. Nxd8 Qf8 25. Qb3+ Nd5
26. Qxd5+ Qf7 27. Qxf7# 1-0

[Event "FIDE Online Olympiad"]
[Site "Chess.com"]
[Date "2020.08.01"]
[EventDate "2020.07.31"]
[Round "5"]
[Result "1-0"]
[White "Mikhail Strovsky"]
[Black "Harmon Barcon"]
[WhiteElo "1939"]
[BlackElo "1996"]
[PlyCount "53"]

1. e4 e5 2. Nf3 d6 3. d4 exd4 4. Nxd4 Nf6 5. Nc3 Be7 6. Bd3
O-O 7. O-O a6 8. Bg5 b5 9. a3 Re8 10. Qf3 Bg4 11. Qf4 Bd7
12. Nf5 Bf8 13. Nh6+ gxh6 14. Bxf6 Qc8 15. Qg3+ Bg4 16. f3 h5
17. fxg4 Qxg4 18. Qxg4+ hxg4 19. Rf4 h5 20. Raf1 Ra7 21. Rf5
Nd7 22. Rg5+ Kh7 23. Rxh5+ Kg6 24. Rg5+ Kh6 25. Rxg4 Re6
26. Rh4+ Kg6 27. e5# 1-0

[Event "FIDE Online Olympiad"]
[Site "Chess.com"]
[Date "2020.08.01"]
[EventDate "2020.07.31"]
[Round "5"]
[Result "1-0"]
[White "Casanova Romario Sanches"]
[Black "Mohamed Alqwasma"]
[WhiteElo "1954"]
[BlackElo "1732"]
[PlyCount "135"]

1. e4 g6 2. d4 d6 3. Nc3 Bg7 4. Be3 c6 5. Qd2 Nf6 6. f3 b5
7. Bh6 O-O 8. h4 e5 9. Bxg7 Kxg7 10. O-O-O Qa5 11. Kb1 b4
12. Nce2 Qb6 13. g4 h5 14. gxh5 Nxh5 15. Nh3 a5 16. Nf2 Nd7
17. Ng4 Rh8 18. dxe5 dxe5 19. Qd6 Re8 20. Nc1 Qc5 21. Qd2 Nf4
22. Ne2 Rh8 23. Nxf4 exf4 24. Qxf4 Rh5 25. Be2 a4 26. Qd6 Qxd6
27. Rxd6 c5 28. b3 axb3 29. cxb3 g5 30. Ne3 Rxh4 31. Rxh4 gxh4
32. Nf5+ Kf8 33. Nxh4 Ne5 34. Rh6 Ke7 35. Rh5 Nd7 36. Nf5+ Kd8
37. Nd6 Ke7 38. Nxc8+ Rxc8 39. f4 Nf6 40. Re5+ Kd6 41. Bc4 Nd7
42. Rd5+ Kc6 43. Rf5 f6 44. Be6 Rf8 45. Bxd7+ Kxd7 46. e5 Ke6
47. Rxf6+ Rxf6 48. exf6 Kxf6 49. Kc2 Kf5 50. Kd3 Kxf4 51. Kc4
Ke4 52. Kxc5 Ke5 53. Kxb4 Kd6 54. Kb5 Kc7 55. a4 Kb7 56. a5
Ka7 57. a6 Ka8 58. Kb6 Kb8 59. b4 Ka8 60. b5 Kb8 61. Kc6 Ka7
62. b6+ Ka8 63. b7+ Kb8 64. a7+ Kxa7 65. Kc7 Ka6 66. b8=Q Ka5
67. Kc6 Ka4 68. Kc5 1-0

[Event "FIDE Online Olympiad"]
[Site "Chess.com"]
[Date "2020.08.01"]
[EventDate "2020.07.31"]
[Round "5"]
[Result "1-0"]
[White "Alexandra Kaslan"]
[Black "Yara Faqeeh"]
[WhiteElo "1435"]
[BlackElo "1523"]
[PlyCount "137"]

1. d4 Nf6 2. Nf3 g6 3. c4 Bg7 4. Nc3 d6 5. e4 Nbd7 6. Be2 O-O
7. O-O c5 8. d5 a6 9. a4 Ng4 10. Bd2 Nge5 11. Nxe5 Nxe5 12. f4
Nd7 13. Rc1 e6 14. Bd3 Re8 15. Re1 Nb6 16. b3 Rb8 17. Qc2 e5
18. Ne2 exf4 19. Bxf4 Bg4 20. Ng3 Bd4+ 21. Kh1 Be5 22. Qf2 Qh4
23. Rf1 Nd7 24. Ne2 Qxf2 25. Rxf2 Bxe2 26. Bxe2 Re7 27. Bd3
Rbe8 28. Re1 Bxf4 29. Rxf4 Kg7 30. Kg1 Ne5 31. Bc2 Nd7 32. g4
g5 33. Rf5 h6 34. Kg2 Nf6 35. Kf3 Ng8 36. h3 Kg6 37. e5 dxe5
38. Rfxe5+ Kg7 39. Rxe7 Rxe7 40. Rxe7 Nxe7 41. Ke4 Kf6 42. Bd3
Nc8 43. Be2 Nd6+ 44. Kd3 Ke5 45. Ke3 f5 46. gxf5 Nxf5+ 47. Kd3
Nd4 48. Bd1 Nf5 49. Bg4 Nd6 50. Bd1 b6 51. Bg4 Kf4 52. Ke2 Kg3
53. Ke3 Kh4 54. Be6 h5 55. Kf3 Ne8 56. Kg2 Nf6 57. Bc8 a5
58. d6 g4 59. hxg4 hxg4 60. d7 Nxd7 61. Bxd7 g3 62. Bh3 Kg5
63. Kxg3 Kf6 64. Kf4 Ke7 65. Ke5 Kd8 66. Kd6 Ke8 67. Kc6 Kd8
68. Kxb6 Ke7 69. Kxc5 1-0

[Event "FIDE Online Olympiad"]
[Site "Chess.com"]
[Date "2020.08.01"]
[EventDate "2020.07.31"]
[Round "5"]
[Result "1-0"]
[White "Catherine Kaslan"]
[Black "Mays Shaheen"]
[WhiteElo "1856"]
[BlackElo "1364"]
[PlyCount "60"]

1. e4 c5 2. Nf3 Nc6 3. d4 cxd4 4. Nxd4 g6 5. c4 Bg7 6. Be3 d6
7. Nc3 Nf6 8. Be2 O-O 9. O-O h6 10. f3 Qc7 11. Qd2 Bd7
12. Rab1 Kh7 13. b4 a6 14. Rfc1 b6 15. Nd5 Qd8 16. Nxc6 Bxc6
17. Bxb6 Qb8 18. Be3 Bxd5 19. exd5 Qd8 20. Rd1 Qd7 21. b5 axb5
22. cxb5 Rfb8 23. Rdc1 Ne8 24. b6 Rb7 25. Bb5 Qf5 26. Bc6 Be5
27. Bxb7 Rb8 28. Bc6 Qh5 29. f4 Bf6 30. b7 g5 1-0

[Event "FIDE Online Olympiad"]
[Site "Chess.com"]
[Date "2020.08.01"]
[EventDate "2020.07.31"]
[Round "5"]
[Result "1-0"]
[White "Mariana Sanchez"]
[Black "Lubov Bobrova"]
[WhiteElo "1612"]
[BlackElo "1403"]
[PlyCount "157"]

1. e4 c6 2. Nf3 d5 3. exd5 cxd5 4. d4 Bg4 5. Be2 Nc6 6. O-O e6
7. c3 Nf6 8. Bg5 Be7 9. Nbd2 O-O 10. h3 Bh5 11. Bd3 Ne8
12. Bxe7 Nxe7 13. Qc2 Bg6 14. Ne5 Bxd3 15. Qxd3 Nf6 16. f4 a6
17. Rae1 Rc8 18. Qg3 Nf5 19. Qd3 Qb6 20. Nb3 Ne4 21. Nd7 Qc7
22. Nxf8 Rxf8 23. Nd2 Neg3 24. Rf3 Nh5 25. g4 Nxf4 26. Rxf4
Qxf4 27. gxf5 exf5 28. Kg2 g6 29. Nf3 f6 30. c4 Qd6 31. cxd5
Qxd5 32. Qb3 Qxb3 33. axb3 Rf7 34. Rd1 Rd7 35. d5 Kf7 36. Ng1
Ke7 37. Ne2 Kd6 38. Nc3 h5 39. Re1 Re7 40. Rxe7 Kxe7 41. Kg3
g5 42. b4 Kd6 43. b3 b5 44. h4 Ke5 45. hxg5 fxg5 46. Kf3 h4
47. Kg2 g4 48. Kh2 f4 49. Kg2 f3+ 50. Kf2 Kd6 51. Nd1 Kxd5
52. Ne3+ Kd4 53. Nxg4 Kc3 54. Ne5 Kxb3 55. Nc6 Ka4 56. Kxf3
Kb3 57. Kg4 Kc4 58. Kxh4 Kd5 59. Na5 Kd4 60. Kg5 Kc3 61. Nc6
Kc4 62. Kf5 Kd5 63. Na5 Kd6 64. Kf6 Kd7 65. Ke5 Kc7 66. Kd5
Kb6 67. Kd6 Ka7 68. Kc6 Ka8 69. Kb6 Kb8 70. Kxa6 Ka8 71. Kxb5
Ka7 72. Kc6 Kb8 73. b5 Kc8 74. Nc4 Kb8 75. Nd6 Ka7 76. Kc7 Ka8
77. Ne8 Ka7 78. b6+ Ka8 79. b7+ 1-0

[Event "FIDE Online Olympiad"]
[Site "Chess.com"]
[Date "2020.08.01"]
[EventDate "2020.07.31"]
[Round "6"]
[Result "1-0"]
[White "Jean Louis Marckens"]
[Black "Ursus Bemmelen van"]
[WhiteElo "2053"]
[BlackElo "2145"]
[PlyCount "33"]

1. e4 c5 2. Nc3 Nc6 3. Nf3 g6 4. Bb5 Bg7 5. Bxc6 dxc6 6. O-O
e5 7. d3 Qc7 8. Ne1 Be6 9. f4 exf4 10. Bxf4 Be5 11. Bxe5 Qxe5
12. Nf3 Qh5 13. Qd2 h6 14. Ne2 g5 15. Qc3 Rh7 16. Qxc5 Qg6
17. Ne5 1-0

[Event "FIDE Online Olympiad"]
[Site "Chess.com"]
[Date "2020.08.01"]
[EventDate "2020.07.31"]
[Round "6"]
[Result "1-0"]
[White "Wim Blijstra"]
[Black "Kemly Germinal"]
[WhiteElo "2198"]
[BlackElo "1997"]
[PlyCount "97"]

1. d4 Nf6 2. Nf3 e6 3. Bf4 d5 4. e3 Be7 5. Nbd2 O-O 6. Bd3
Nbd7 7. Ne5 c5 8. c3 Qb6 9. Rb1 c4 10. Bc2 Qa5 11. O-O Qxa2
12. Qf3 Qa5 13. Qh3 Re8 14. e4 Nf8 15. Bg5 N6d7 16. Bxe7 Rxe7
17. f4 Nf6 18. Nef3 dxe4 19. Nxe4 Nxe4 20. Bxe4 Qc7 21. Qg3
Rb8 22. Ne5 f6 23. Ng4 f5 24. Bxf5 exf5 25. Nf6+ Kh8 26. Nd5
Qd6 27. Nxe7 Qxe7 28. Rfe1 Qf6 29. Re5 Ng6 30. Re8+ Nf8
31. Rbe1 b5 32. Qe3 Kg8 33. d5 Ra8 34. Qc5 Bb7 35. R8e7 Rc8
36. Qxb5 Ba8 37. Rxa7 Rd8 38. Re5 Ng6 39. Re6 Qf8 40. d6 Nxf4
41. Ree7 Nh5 42. Qxc4+ Kh8 43. Qf7 Qxf7 44. Rxf7 Bd5 45. Rxf5
Nf6 46. d7 Rxd7 47. Rxd7 Nxd7 48. Rxd5 Nf6 49. Rd8+ 1-0

[Event "FIDE Online Olympiad"]
[Site "Chess.com"]
[Date "2020.08.01"]
[EventDate "2020.07.31"]
[Round "6"]
[Result "1-0"]
[White "Mariana Sanchez"]
[Black "Kimberlie Dunat"]
[WhiteElo "1612"]
[BlackElo "1398"]
[PlyCount "117"]

1. e4 e5 2. Nf3 Nc6 3. Nc3 Nf6 4. Bc4 Bc5 5. h3 a6 6. O-O d6
7. d3 h6 8. Nd5 Na5 9. Nxf6+ Qxf6 10. Bb3 O-O 11. c3 Nxb3
12. axb3 Be6 13. d4 exd4 14. cxd4 Bb6 15. d5 Bd7 16. Qc2 Qg6
17. Nh4 Qf6 18. Nf5 Bxf5 19. exf5 Rfe8 20. Bf4 g5 21. Bh2 Qd4
22. Rad1 Qf6 23. Rfe1 Rac8 24. Kh1 Bc5 25. f4 Kh7 26. fxg5
Qxg5 27. f6+ Qg6 28. Qc3 b6 29. Bf4 Qf5 30. Rf1 Qg6 31. Rf3
Rg8 32. Rg3 Qe4 33. Rxg8 Rxg8 34. Qd2 Bb4 35. Qd3 Qxd3
36. Rxd3 Rg7 37. fxg7 Kxg7 38. Rg3+ Kh7 39. Rg4 Bc5 40. h4 Bd4
41. Bc1 Be5 42. h5 b5 43. Re4 Kg7 44. g4 f6 45. Re2 Kh7
46. Rc2 Bg3 47. Rxc7+ Kg8 48. Rc6 Be5 49. Rxa6 Bg3 50. Rb6 Be5
51. Rxb5 Bg3 52. Rb8+ Kf7 53. b4 Be5 54. b5 Bg3 55. b6 Be5
56. b7 Bg3 57. Ra8 Be5 58. b8=Q f5 59. Qf8# 1-0

[Event "FIDE Online Olympiad"]
[Site "Chess.com"]
[Date "2020.08.01"]
[EventDate "2020.07.31"]
[Round "6"]
[Result "1-0"]
[White "Taqesyah Marcos"]
[Black "Valencia Jean Francois"]
[WhiteElo "1493"]
[BlackElo "1398"]
[PlyCount "77"]

1. e3 e5 2. b3 d5 3. Bb2 Bd6 4. Nf3 e4 5. Bxg7 exf3 6. Qxf3
Be5 7. Bxe5 f6 8. Bb2 Nc6 9. Bb5 Bd7 10. Qxd5 Nge7 11. Qf3 Ng8
12. Nc3 a6 13. Qh5+ Kf8 14. Bd3 Be8 15. Qh4 a5 16. Ne4 Kf7
17. Bc4+ Kg7 18. Nxf6 Nxf6 19. Qg5+ Bg6 20. h4 h6 21. Qg3 h5
22. O-O Qxd2 23. Bd3 Qb4 24. Qxg6+ Kf8 25. Qxf6+ Ke8 26. Qxh8+
Kd7 27. Qh7+ Ne7 28. Bf5+ Kc6 29. Qh6+ Kd5 30. e4+ Kc5 31. Be6
Kb5 32. Qxh5+ Qc5 33. Bc4+ Kc6 34. Qh6+ Kd7 35. Rad1+ Ke8
36. Qh8+ Ng8 37. Qxg8+ Qf8 38. Qg6+ Ke7 39. Qe6# 1-0